Central Library OPAC University of Rajshahi

Nuclear physics / (Record no. 9111)

MARC details
000 -LEADER
fixed length control field 00759nam a2200265 a 4500
001 - CONTROL NUMBER
control field 9111
003 - CONTROL NUMBER IDENTIFIER
rucl marc code BD-RjUL
005 - DATE AND TIME OF LATEST TRANSACTION
control field 20211208234722.0
008 - FIXED-LENGTH DATA ELEMENTS--GENERAL INFORMATION
fixed length control field 140120s1973 enka b 001 0 eng d
020 ## - INTERNATIONAL STANDARD BOOK NUMBER
International Standard Book Number 008016983X
035 ## - SYSTEM CONTROL NUMBER
System control number (BD-RjUL)9156
040 ## - CATALOGING SOURCE
Original cataloging agency DLC
Transcribing agency DLC
Modifying agency DLC
-- (BD-RjUL)
Language of cataloging eng
041 ## - LANGUAGE CODE
Language code of text/sound track or separate title eng
082 00 - DEWEY DECIMAL CLASSIFICATION NUMBER
Classification number 539.7
Author mark and year BON 1973
100 1# - MAIN ENTRY--PERSONAL NAME
Personal name Bowler, M. G.
9 (RLIN) 28287
245 00 - TITLE STATEMENT
Title Nuclear physics /
Statement of responsibility, etc. by M. G. Bowler.
250 ## - EDITION STATEMENT
Edition statement [1st ed.]
260 ## - PUBLICATION, DISTRIBUTION, ETC. (IMPRINT)
Place of publication, distribution, etc. Oxford :
-- New York :
Name of publisher, distributor, etc. Pergamon Press ,
Date of publication, distribution, etc. [1973]
300 ## - PHYSICAL DESCRIPTION
Pagination xi, 420 p. :
Illustrations ill. ;
Size 26 cm.
490 0# - SERIES STATEMENT
Series statement International series of monographs in natural philosophy,
Volume/sequential designation v. 53
500 ## - GENERAL NOTE
General note Includes index
650 #0 - SUBJECT ADDED ENTRY--TOPICAL TERM
Topical term or geographic name as entry element Nuclear physics.
9 (RLIN) 28288
942 ## - ADDED ENTRY ELEMENTS (KOHA)
Source of classification or shelving scheme Dewey Decimal Classification
Koha item type Books
Holdings
Lost status Source of classification or shelving scheme Damaged status Not for loan Collection code Permanent Location Current Location Shelving location Date acquired Source of acquisition Cost, normal purchase price Total Checkouts Full call number Date last seen Copy number Koha item type
  Dewey Decimal Classification   Not For Loan Non-fiction Central Library, University of Rajshahi Central Library, University of Rajshahi   12/04/1982 Heffers 10.50   539.7 BON 1973 20/01/2014 C-1 Books
  Dewey Decimal Classification     Non-fiction Central Library, University of Rajshahi Central Library, University of Rajshahi   11/11/1996 Propressive book corner dhaka 200.00   539.7 BON 1973 18/10/2016 C-2 Books